| 000 | 00867cab a2200229 4500 | ||
|---|---|---|---|
| 001 | WB2439-23 | ||
| 008 | 090401t1988 xxu||||| |||| 00| 0 eng d | ||
| 035 | _a(Sirsi) u38058 | ||
| 041 | _aeng | ||
| 245 | _aInstitutional investment in property | ||
| 260 | _c1988 | ||
| 350 | _a0 | ||
| 490 |
_aDaily Telegraph _v27/9/88 p30 |
||
| 490 |
_aFinancial Times _v27/9/88 p10 |
||
| 520 | _aReviews the latest figures for institutional investment in UK land and property and highlights the findings of a survey by the Association of Pensioner Trustees which indicate that cash and property are still the most favoured investment holdings for self-administered "controlling director" pension schemes. | ||
| 650 | _aINSTITUTIONS | ||
| 650 | _aPENSION FUNDS | ||
| 650 | _aSMALL BUSINESSES | ||
| 690 | _aPROPERTY LAW AND PRACTICE | ||
| 942 | _n0 | ||
| 948 | _c04/03/1997 | ||
| 999 |
_c24457 _d24457 |
||